Basic considerations of modern industrial policy

Salvato in:
Dettagli Bibliografici
Natura: Libro
Lingua:Undetermined
Pubblicazione: Eindhoven N. V. Philips' Gloeilampenfabrieken 1970
Soggetti:
Tags: Aggiungi Tag
Nessun Tag, puoi essere il primo ad aggiungerne! !
Thư viện lưu trữ: Trung tâm Học liệu Trường Đại học Cần Thơ
LEADER 00427nam a2200145Ia 4500
001 CTU_78496
008 210402s9999 xx 000 0 und d
082 |a 338.971 
082 |b B311 
245 0 |a Basic considerations of modern industrial policy 
260 |a Eindhoven 
260 |b N. V. Philips' Gloeilampenfabrieken 
260 |c 1970 
650 |a industrial policy 
980 |a Trung tâm Học liệu Trường Đại học Cần Thơ